01156naa#a2200205#i#4500001001600000005001700016011001400033100004100047102000700088200014800095210020500243215001000448608004500458675014900503686009800652700005200750700005400802700006400856856003000920RU\\bibl\11736220260430012059.4##a1994-4683##a20260429b2026####ek#y0rusy0150####ca##aRU1#aОценка эффективности программ вовлечения молодежи в спортeЖурнальная статья1#aМоскваcНациональный государственный Университет физической культуры, спорта и здоровья им. П.Ф. Лесгафтаd2026##a6 с.##aЖурнальная статья2local##aГосударственное и общественное содействие развитию физкультуры и спорта. 796.078##aОбщие вопросы физической культуры и спорта. 77.012grnti#1aБондаренкоgМайя Павловна#1aЧерепанинgФедор Андреевич#1aБондаренкоgВасилиса Алексеевна4#auchzapiski.lesgaft.spb.ru